Guess 60 Ajax footballers by image - Statistics

General Stats
  • This quiz has been taken 248 times
  • The average score is 41 of 60
Answer Stats
Picture Answer % Correct
Edgar Davids
97%
Christian Eriksen
94%
Jaap Stam
94%
Matthijs de Ligt
93%
André Onana
92%
Edwin van der Sar
92%
Johan Cruyff
92%
Antony
90%
Donny van de Beek
90%
Frenkie de Jong
90%
Hakim Ziyech
90%
Daley Blind
89%
Marco van Basten
89%
Patrick Kluivert
89%
Ronald Koeman
89%
Zlatan Ibrahimović
89%
Klaas-Jan Huntelaar
87%
Frank Rijkaard
86%
Lisandro Martínez
86%
Sebastian Haller
83%
Wesley Sneijder
83%
Davy Klaassen
81%
Frank de Boer
81%
Marc Overmars
81%
David Neres
80%
Dennis Bergkamp
80%
Jan Vertonghen
79%
Jasper Cillessen
78%
Dusan Tadic
77%
Ryan Babel
77%
Jari Litmanen
76%
Nicolas Tagliafico
76%
Rafael van der Vaart
76%
Steven Bergwijn
76%
Toby Alderweireld
76%
Lasse Schone
75%
Clarence Seedorf
73%
Geronimo Rulli
72%
Maarten Stekelenburg
72%
Quincy Promes
71%
Arkadiusz Milik
70%
Noussair Mazraoui
69%
Danny Blind
65%
Michael Laudrup
65%
Steven Berghuis
63%
John Heitinga
61%
Bojan Krkic
52%
Thomas Vermaelen
51%
Joel Veltman
49%
Gregory van der Wiel
48%
Johan Neeskens
36%
Maxwell
36%
Nigel de Jong
31%
Cristian Chivu
21%
Piet Keizer
19%
Johnny Rep
16%
Ruud Krol
14%
Wim Suurbier
11%
Arie Haan
8%
Ruud Geels
4%
No matching quizzes found
Score Distribution
Percent of People with Each Score
Percentile by Number Answered
Your Score History
You have not taken this quiz